000 01008nam a2200265 i 4500
003 DO-SdBNP
005 20250205115704.0
007 ta
008 230809n2001 dr ||||| |||| 00| 0 spa d
040 _aDO-SdBNP
_bspa
_cBNPHU
_erda
082 4 _222
_bR426p
_axxxx
110 1 _aRepública Dominicana.
_bSecretaría de Estado de Educación, Bellas Artes y Cultos
_923965
245 1 0 _aReglamento orgánico y funcional de la Secretaría de Estado de Trabajo :
_bnúmero 774-01 /
_cprólogo, Milton Ray Guevara
246 1 _aReglamento orgánico y funcional
264 1 _aSanto Domingo :
_bSecretaría de Estado de Trabajo,
_c2001.
300 _a19 páginas ;
_c21 cm.
336 _atexto
_btxt
_2rdacontent
337 _asin mediación
_bn
_2rdamedia
338 _avolumen
_bnc
_2rdacarrier
500 _aAprobado por el Poder Ejecutivo el 20 de julio del 2001.
590 _aInventariado 2023 / YL
700 1 _aRay Guevara, Milton,
_d1948-
_eprologuista
_4pr.
_978143
910 _aYLockward
942 _2ddc
_cLF2
999 _c54426
_d54426